| 000 | 00881nam a2200265Ia 4500 | ||
|---|---|---|---|
| 003 | OSt | ||
| 005 | 20220927110422.0 | ||
| 006 | a|||||r|||| 00| 0 | ||
| 007 | ta | ||
| 008 | 220926b |||||||| |||| 00| 0 eng d | ||
| 024 | _a100132 | ||
| 037 | _cReports | ||
| 040 |
_aRTL _cRTL _beng |
||
| 041 |
_2eng _aeng |
||
| 082 | _a"X9(J58).2.N55t, J7/GD" | ||
| 110 |
_a"India, Food and Agriculture (Ministry of-)" _9378172 |
||
| 111 |
_aOil Seeds Crushing Industry (Inquiry Commission)(Chairman : P. A. Gopalkrishnan and T. C. Puri) (1955 : India) _9378173 |
||
| 245 | 0 | _aReport | |
| 260 |
_aDelhi _bManager of Publications India _c1957 |
||
| 300 |
_a112p. _ccm. |
||
| 650 |
_aSeed Industry _9360386 |
||
| 700 |
_a"India, Food and Agriculture (Ministry of-)" _9378174 |
||
| 942 |
_h"X9(J58).2.N55t, J7/GD" _cCC |
||
| 999 |
_c696657 _d696657 |
||